[Event "Open Semana Santa 2023"]
[Site "?"]
[Date "2023.04.06"]
[Round "2.146"]
[White "Segarra Victorio, Israel"]
[Black "Arce Gonzalez, Dario"]
[Result "0-1"]
[WhiteElo "1586"]
[BlackElo "1908"]
[PlyCount "71"]

1. d4 d5 2. c4 e6 3. Nf3 h6 4. e3 Nf6 5. Nc3 a6 6. a3 dxc4 7. Bxc4 b5 8. Bd3 c5
9. dxc5 Bxc5 10. b4 Be7 11. O-O Bb7 12. Be2 Nbd7 13. Bb2 O-O 14. Qb3 Rc8 15.
Rac1 Bd6 16. Rfd1 Qe7 17. Nd2 Rfd8 18. Bf3 Ne5 19. Bxb7 Qxb7 20. f3 Nd3 21. Rc2
Nxb2 22. Rxb2 Be5 23. Rc2 Rd3 24. Rdc1 Rcxc3 25. Rxc3 Bxc3 26. Nb1 Qd5 27. Qxd5
Nxd5 28. e4 Bd4+ 29. Kf1 Nc3 30. Nxc3 Rxc3 31. Rd1 e5 32. f4 f6 33. fxe5 fxe5
34. Ra1 Rf3+ 35. gxf3 Bxa1 36. f4 0-1

[Event "Open Semana Santa 2023"]
[Site "?"]
[Date "2023.04.06"]
[Round "2.147"]
[White "Sanjuan Segura, Ignacio"]
[Black "Grueso Vano, Oscar"]
[Result "1-0"]
[WhiteElo "1902"]
[BlackElo "1548"]
[PlyCount "59"]

1. c4 e5 2. Nc3 Nf6 3. Nf3 d6 4. g3 Be7 5. Bg2 O-O 6. O-O Nbd7 7. d4 exd4 8.
Nxd4 Re8 9. e4 Bf8 10. h3 Nc5 11. Qc2 Bd7 12. b4 Ne6 13. Nb3 g6 14. f4 Bg7 15.
f5 Nf8 16. g4 Bc6 17. Rb1 b6 18. g5 Nh5 19. f6 Nxf6 20. gxf6 Bxf6 21. Nd5 Bg7
22. Bb2 Nd7 23. Bxg7 Kxg7 24. Nd4 Ne5 25. Nxc6 Nxc6 26. Qf2 Ne5 27. Nf6 Re6 28.
Ng4 Qe7 29. Qf4 Nxc4 30. e5 1-0

[Event "Open Semana Santa 2023"]
[Site "?"]
[Date "2023.04.06"]
[Round "2.148"]
[White "Kondrashov, Ivan V"]
[Black "Lizzul Coppe, Mirko"]
[Result "0-1"]
[WhiteElo "1582"]
[BlackElo "1902"]
[PlyCount "72"]

1. c4 c5 2. Nc3 Nc6 3. g3 g6 4. Bg2 Bg7 5. e4 d6 6. Nge2 e6 7. a3 Nge7 8. Rb1
O-O 9. b4 b6 10. O-O Bb7 11. f4 Qc7 12. d3 f5 13. Be3 Nd4 14. Qd2 Rae8 15. b5
Qc8 16. a4 Qa8 17. Rf2 d5 18. cxd5 exd5 19. Bxd4 cxd4 20. Nxd5 Nxd5 21. exd5
Bxd5 22. Rc1 Rc8 23. Bxd5+ Qxd5 24. Rff1 Qb3 25. Qd1 Qe6 26. Qd2 Rxc1 27. Rxc1
Re8 28. Kf2 Qd5 29. Ng1 Bf8 30. Nf3 Bc5 31. Ng1 Re3 32. Re1 Qh1 33. Kf1 Rf3+
34. Ke2 Rf2+ 35. Kd1 Rxd2+ 36. Kxd2 Bb4+ 0-1

[Event "Open Semana Santa 2023"]
[Site "?"]
[Date "2023.04.06"]
[Round "2.149"]
[White "Paragua, Megan Althea"]
[Black "Sanchez Villodres, Mario"]
[Result "1-0"]
[WhiteElo "1900"]
[BlackElo "1538"]
[PlyCount "43"]

1. e4 e6 2. d4 d5 3. Nd2 dxe4 4. Nxe4 Nd7 5. Nf3 Ngf6 6. Bd3 c5 7. O-O cxd4 8.
Nxd4 a6 9. c3 Be7 10. Re1 O-O 11. Bc2 Qc7 12. Qf3 e5 13. Nf5 Bc5 14. b4 Bxb4
15. Bh6 g6 16. cxb4 Re8 17. Ne7+ Rxe7 18. Nxf6+ Kh8 19. Nxd7 f5 20. Nc5 Rb8 21.
Bg5 Rf7 22. Bb3 1-0

[Event "Open Semana Santa 2023"]
[Site "?"]
[Date "2023.04.06"]
[Round "2.150"]
[White "Pousada Estevez, Daniel"]
[Black "Demirkol, Kerim Calvelo"]
[Result "1-0"]
[WhiteElo "1580"]
[BlackElo "1897"]
[PlyCount "55"]

1. d4 d6 2. Bf4 g6 3. e3 Bg7 4. Nf3 Nd7 5. Be2 e5 6. dxe5 dxe5 7. Bg5 f6 8. Bh4
g5 9. Bg3 Ne7 10. Bc4 Nf5 11. Nxg5 Nb6 12. Qh5+ Ke7 13. Qf7+ Kd6 14. Ne4+ Kc6
15. Nbc3 Nxc4 16. Qxc4+ Kd7 17. O-O-O+ Nd6 18. Nxd6 cxd6 19. Rxd6+ Kxd6 20.
Rd1+ Ke7 21. Rxd8 Rxd8 22. Qc7+ Rd7 23. Qc5+ Kd8 24. f4 b6 25. Qc4 Bb7 26. fxe5
fxe5 27. Bh4+ Ke8 28. Qe6+ 1-0

[Event "Open Semana Santa 2023"]
[Site "?"]
[Date "2023.04.06"]
[Round "2.151"]
[White "WFM Yastrebova, Tatiana"]
[Black "Ainsa Jimenez, Lucas"]
[Result "1-0"]
[WhiteElo "1896"]
[BlackElo "1533"]
[PlyCount "59"]

1. d4 Nf6 2. c4 e6 3. Nc3 b6 4. Nf3 Bb4 5. a3 Bxc3+ 6. bxc3 Bb7 7. e3 d6 8. Bd3
Nbd7 9. Qc2 c5 10. O-O Rc8 11. e4 e5 12. Bg5 h6 13. Bh4 g5 14. Bg3 Nh5 15. dxe5
Nxg3 16. hxg3 Nxe5 17. Nxe5 dxe5 18. f4 gxf4 19. gxf4 f6 20. fxe5 fxe5 21. Rf5
Qd6 22. Raf1 Rd8 23. Be2 Rd7 24. Rd1 Qe7 25. Bh5+ Kd8 26. Rf7 Kc8 27. Rxe7 Rxe7
28. Bg4+ Kc7 29. Qd3 Rhh7 30. Qd6# 1-0

[Event "Open Semana Santa 2023"]
[Site "?"]
[Date "2023.04.06"]
[Round "2.152"]
[White "Mansor Habash, Zouheir"]
[Black "Blazquez Sanz, Oscar"]
[Result "0-1"]
[WhiteElo "1570"]
[BlackElo "1896"]
[PlyCount "74"]

1. e4 e6 2. d4 d5 3. e5 c5 4. c3 Nc6 5. Nf3 Qb6 6. a3 c4 7. Be2 Bd7 8. O-O Nge7
9. Nbd2 Na5 10. b4 cxb3 11. Rb1 Rc8 12. Nxb3 Ba4 13. Nxa5 Bxd1 14. Rxb6 Bxe2
15. Nxb7 axb6 16. Nd6+ Kd7 17. Nxc8 Nxc8 18. Re1 Bxf3 19. gxf3 b5 20. Bd2 Bxa3
21. Rb1 Kc6 22. Kh1 Nb6 23. Rg1 g6 24. h4 Nc4 25. Bh6 Bb2 26. h5 Bxc3 27. Bg7
Rg8 28. Bf6 Bxd4 29. hxg6 Rxg6 30. Rc1 Bxf2 31. f4 Rg1+ 32. Rxg1 Bxg1 33. Kxg1
b4 34. f5 b3 35. fxe6 fxe6 36. Bg5 b2 37. Bc1 bxc1=Q+ 0-1

[Event "Open Semana Santa 2023"]
[Site "?"]
[Date "2023.04.06"]
[Round "2.153"]
[White "Camarillas Castellano, Pau"]
[Black "Marques Montolio, Luis"]
[Result "1-0"]
[WhiteElo "1891"]
[BlackElo "1519"]
[PlyCount "111"]

1. d4 d5 2. c4 c6 3. cxd5 cxd5 4. Bf4 Bf5 5. e3 e6 6. Qb3 Qc8 7. Nc3 a6 8. Nf3
Nc6 9. Ne5 Nf6 10. h3 h6 11. a3 Be7 12. Rc1 O-O 13. Be2 Nxe5 14. Bxe5 Qd7 15.
Na4 Rac8 16. O-O Rc6 17. Nb6 Qe8 18. f3 Bd8 19. Na4 b5 20. Nc5 Nd7 21. Bh2 Be7
22. Nb7 Nb6 23. Na5 Rc8 24. Qa2 Nc4 25. Nxc4 dxc4 26. Rc3 Qd7 27. Rfc1 Bd6 28.
Bxd6 Qxd6 29. b3 cxb3 30. Qxb3 Rxc3 31. Qxc3 Kh7 32. Qc5 Qd8 33. Qc6 Qa5 34.
Rc3 Kg8 35. Qc7 Qa4 36. Qc5 Qa5 37. e4 Bg6 38. a4 Rb8 39. Kh2 Qb6 40. axb5 axb5
41. Qxb6 Rxb6 42. Rb3 b4 43. Kg3 f6 44. Kf2 Be8 45. Ke3 Kf8 46. Bc4 Ke7 47. f4
Kd6 48. e5+ fxe5 49. fxe5+ Kc7 50. d5 exd5 51. Bxd5 Ba4 52. Rb2 b3 53. Kd4 Rb4+
54. Kc3 Rb5 55. Kc4 Rb4+ 56. Kxb4 1-0

[Event "Open Semana Santa 2023"]
[Site "?"]
[Date "2023.04.06"]
[Round "2.154"]
[White "Ibanez Valentin, Gabriel"]
[Black "Alonso Perez, Alfredo"]
[Result "1/2-1/2"]
[WhiteElo "1537"]
[BlackElo "1891"]
[PlyCount "78"]

1. e4 e5 2. Nf3 Nc6 3. Bc4 Bc5 4. c3 Nf6 5. d4 exd4 6. e5 d5 7. Bb5 Ne4 8. cxd4
Bb6 9. Nc3 Bg4 10. Be3 O-O 11. h3 Bh5 12. g4 Bg6 13. h4 Nxc3 14. bxc3 Be4 15.
Bd3 f6 16. exf6 Qxf6 17. Bxe4 dxe4 18. Nd2 Rae8 19. Nf1 Ba5 20. Rc1 Rd8 21. g5
Qe6 22. Qb3 Rfe8 23. Ke2 Rd5 24. Rg1 Kh8 25. Bd2 Qd7 26. Ke1 Rxd4 27. cxd4 Nxd4
28. Bxa5 Nxb3 29. axb3 b6 30. Bd2 c5 31. Rg3 Rd8 32. h5 Qd5 33. h6 g6 34. Rd1
Kg8 35. Nh2 e3 36. Rxe3 Qh1+ 37. Nf1 Kf7 38. Ke2 Qc6 39. Ng3 Qd5 1/2-1/2

[Event "Open Semana Santa 2023"]
[Site "?"]
[Date "2023.04.06"]
[Round "2.155"]
[White "Palomo Monserrat, Lorenzo"]
[Black "Ilinca Ilinca, Filip Antonio"]
[Result "1-0"]
[WhiteElo "1890"]
[BlackElo "1515"]
[PlyCount "65"]

1. d4 d5 2. c4 e6 3. Nc3 Nf6 4. cxd5 exd5 5. Bg5 Be7 6. e3 Nbd7 7. Bd3 b6 8.
Nf3 Bb7 9. O-O O-O 10. Qe2 Ne4 11. Bxe7 Qxe7 12. Rac1 Ndf6 13. Ne5 c5 14. Rfd1
Nxc3 15. Rxc3 Ne4 16. Bxe4 dxe4 17. Nc4 cxd4 18. exd4 Rfd8 19. Ne3 Bd5 20. Rdc1
Bb7 21. Rc7 Rd7 22. Nf5 Rxc7 23. Nxe7+ Rxe7 24. Qe3 Rd8 25. f3 Red7 26. fxe4
Rxd4 27. e5 Rd2 28. e6 Rxg2+ 29. Kf1 Rxh2 30. exf7+ Kf8 31. Qa3+ Kxf7 32. Rc7+
Kg8 33. Qb3+ 1-0

[Event "Open Semana Santa 2023"]
[Site "?"]
[Date "2023.04.06"]
[Round "2.156"]
[White "Vicens Company, Maria Antonia"]
[Black "Saiz Sapena, Veronica"]
[Result "1-0"]
[WhiteElo "1888"]
[BlackElo "1506"]
[PlyCount "109"]

1. c4 Nf6 2. g3 e6 3. Bg2 c6 4. Nf3 d5 5. b3 Nbd7 6. Bb2 g6 7. O-O Bg7 8. d4
O-O 9. Nbd2 b5 10. Qc2 Ba6 11. cxd5 cxd5 12. b4 Rc8 13. Qb1 Qe7 14. a3 Rc7 15.
Nb3 Ne4 16. Nc5 Nexc5 17. dxc5 Bb7 18. Bxg7 Kxg7 19. Rc1 Bc6 20. Qb2+ Kg8 21.
h4 Nf6 22. Ne5 a6 23. Qd4 Nd7 24. Nxd7 Rxd7 25. Qg4 f5 26. Qg5 Qxg5 27. hxg5 e5
28. f4 e4 29. e3 d4 30. exd4 Rxd4 31. Rd1 Rfd8 32. Rxd4 Rxd4 33. Bf1 Kf7 34.
Be2 Ke6 35. Kf2 Rd7 36. Ke3 Ke7 37. Rh1 Kd8 38. a4 Kc7 39. a5 Bd5 40. Rc1 Kc6
41. g4 Be6 42. gxf5 Bxf5 43. Rd1 Rd5 44. Rd4 Rd7 45. Bd1 Re7 46. Bb3 Kc7 47.
Rd6 Rd7 48. Rxd7+ Bxd7 49. Kxe4 Bc6+ 50. Ke5 Kd7 51. Bg8 Ke7 52. Bxh7 Kf7 53.
f5 gxf5 54. Bxf5 Ke7 55. Bc8 1-0

[Event "Open Semana Santa 2023"]
[Site "?"]
[Date "2023.04.06"]
[Round "2.157"]
[White "Valverde Lopez, Francisco Leopol"]
[Black "Perez Garcia, Saul"]
[Result "1/2-1/2"]
[WhiteElo "1525"]
[BlackElo "1885"]
[PlyCount "109"]

1. e4 c5 2. Nc3 e6 3. Bc4 a6 4. a4 Nc6 5. Nf3 Qc7 6. O-O Bd6 7. Ne2 Nge7 8. c3
Na5 9. Ba2 c4 10. d4 cxd3 11. Qxd3 Ng6 12. Be3 Nc6 13. Rad1 Be7 14. Bc1 O-O 15.
Ng5 h6 16. Nh3 Nce5 17. Qc2 Bc5 18. Nd4 Ng4 19. f4 e5 20. fxe5 Qxe5 21. Nf4 Ne7
22. Kh1 d5 23. h3 Nf6 24. Nd3 Qc7 25. Bf4 Qb6 26. e5 Ne4 27. a5 Qg6 28. Nxc5
Nxc5 29. Qxg6 fxg6 30. e6 Nxe6 31. Bd6 Rxf1+ 32. Rxf1 Nxd4 33. Bxe7 Nf5 34.
Bxd5+ Kh7 35. Re1 Rb8 36. Bc5 Bd7 37. g4 Nh4 38. Bd6 Rc8 39. Bxb7 Rg8 40. Bd5
Rc8 41. Re7 Bc6 42. Bxc6 Rxc6 43. Be5 h5 44. Bxg7 Nf3 45. Bf6+ Kh6 46. Bg7+ Kh7
47. Bf6+ Kh6 48. Bg7+ Kh7 49. Bd4+ Kg8 50. Rg7+ Kf8 51. Rd7 Ke8 52. Rg7 Kf8 53.
Rd7 Ke8 54. Rg7 Kf8 55. Rd7 1/2-1/2

[Event "Open Semana Santa 2023"]
[Site "?"]
[Date "2023.04.06"]
[Round "2.158"]
[White "Bethencourt Hernandez, Alberto"]
[Black "Blanco Ros, Adrian"]
[Result "1-0"]
[WhiteElo "1882"]
[BlackElo "1495"]
[PlyCount "65"]

1. e4 e6 2. d4 d5 3. Nc3 Bb4 4. Nge2 Nf6 5. Bg5 h6 6. Bxf6 Qxf6 7. a3 Bxc3+ 8.
Nxc3 c6 9. Be2 O-O 10. O-O Nd7 11. e5 Qe7 12. f4 a6 13. Bg4 c5 14. Ne2 cxd4 15.
Nxd4 Nc5 16. c3 Bd7 17. Qe2 Rfe8 18. Rae1 Ne4 19. Bf3 f5 20. exf6 Nxf6 21. Qe5
Bc8 22. f5 Qc5 23. b4 Qb6 24. Qf4 Bd7 25. Kh1 exf5 26. Nxf5 Bxf5 27. Qxf5 Qc6
28. Rd1 Rad8 29. Rd3 Qe6 30. Qxe6+ Rxe6 31. c4 Re5 32. cxd5 Nxd5 33. Rfd1 1-0

[Event "Open Semana Santa 2023"]
[Site "?"]
[Date "2023.04.06"]
[Round "2.159"]
[White "Sanchez Lake, Alvaro"]
[Black "Kocharyan Baghdasaryan, Arman"]
[Result "1/2-1/2"]
[WhiteElo "1524"]
[BlackElo "1881"]
[PlyCount "106"]

1. c4 Nf6 2. Nc3 g6 3. g3 Bg7 4. Bg2 d6 5. e3 O-O 6. Nge2 e5 7. O-O c6 8. d4
Nbd7 9. b3 Qc7 10. Ba3 exd4 11. Qxd4 Nd5 12. Nxd5 cxd5 13. Qxd5 Nb6 14. Qxd6
Qxd6 15. Bxd6 Rd8 16. Rad1 Bg4 17. f3 Be6 18. Bf4 f5 19. Nd4 Bf7 20. g4 Bf6 21.
gxf5 g5 22. Bc7 Re8 23. e4 Rac8 24. Bxb6 axb6 25. Nb5 Rcd8 26. Nd6 Re7 27. Nxf7
Rxf7 28. Rxd8+ Bxd8 29. Rd1 Be7 30. Bh3 Bf6 31. Rd6 Kg7 32. Rd5 Re7 33. Bf1 h5
34. h3 Bb2 35. c5 bxc5 36. a4 Kf6 37. Bb5 Rg7 38. Kg2 Bd4 39. Be8 h4 40. Rd6+
Ke7 41. Re6+ Kf8 42. Bg6 Re7 43. Rd6 Kg7 44. Kf1 Be5 45. Rd5 b6 46. Ke2 Kf6 47.
Kd3 Bf4 48. Kc4 g4 49. e5+ Bxe5 50. fxg4 Bc7 51. Rd3 Re4+ 52. Kb5 Rb4+ 53. Kc6
Be5 1/2-1/2

[Event "Open Semana Santa 2023"]
[Site "?"]
[Date "2023.04.06"]
[Round "2.160"]
[White "Silva Pena, Angel David"]
[Black "Arutyunov, Mikael"]
[Result "1-0"]
[WhiteElo "1879"]
[BlackElo "1481"]
[PlyCount "145"]

1. e4 e5 2. Nf3 Nf6 3. Nxe5 d6 4. Nf3 Nxe4 5. Nc3 Nxc3 6. dxc3 Be7 7. Be3 Nc6
8. Qd2 Be6 9. Be2 Bf6 10. Ng5 Qd7 11. Nxe6 Qxe6 12. O-O O-O 13. Rfe1 Rfe8 14.
Bb5 Qf5 15. Bxc6 bxc6 16. Qd3 Qb5 17. Rab1 a5 18. a3 Re6 19. c4 Qh5 20. h3 Rae8
21. Kf1 Qe5 22. g3 Qh5 23. Kg2 d5 24. cxd5 cxd5 25. Bd2 d4 26. Rxe6 Rxe6 27.
Qf3 Qxf3+ 28. Kxf3 h6 29. Bxa5 Rc6 30. Rc1 Bg5 31. Rd1 Rxc2 32. Rxd4 Rxb2 33.
a4 c5 34. Rc4 Be7 35. Ke3 f6 36. f4 Kf7 37. Bc3 Rb3 38. Kd3 Ke6 39. a5 Rb8 40.
Re4+ Kd7 41. Kc4 Bd6 42. Re2 Ra8 43. Ra2 Kc6 44. Bd2 Ra6 45. g4 Bc7 46. f5 Be5
47. Be3 Bd6 48. Ra3 Be7 49. Bf4 Bd8 50. Bd2 Bc7 51. Re3 Be5 52. Rb3 Bc7 53. Rb5
Bd6 54. Be3 Ra8 55. Bxc5 Bxc5 56. Rxc5+ Kd6 57. Rb5 Kc6 58. Rb6+ Kc7 59. Kb5
Ra7 60. a6 Kc8 61. Rc6+ Kd7 62. Re6 Ra8 63. Rb6 Rc8 64. Rb7+ Kd6 65. a7 Ra8 66.
Kb6 Rc8 67. Rxg7 Rc6+ 68. Kb7 Rc1 69. a8=Q Rb1+ 70. Kc8 Ke5 71. Re7+ Kd6 72.
Rd7+ Kc5 73. Qd5+ 1-0

[Event "Open Semana Santa 2023"]
[Site "?"]
[Date "2023.04.06"]
[Round "2.161"]
[White "Asensio Ramon, Ismael"]
[Black "Garbezza, Davide"]
[Result "0-1"]
[WhiteElo "1511"]
[BlackElo "1879"]
[PlyCount "48"]

1. d4 d5 2. c4 e6 3. Nc3 a6 4. e3 Nf6 5. Bd3 dxc4 6. Bxc4 b5 7. Bd3 Bb7 8. Nf3
Nbd7 9. O-O c5 10. Re1 Be7 11. b3 O-O 12. e4 cxd4 13. Nxd4 Ne5 14. Bc2 Bb4 15.
Bb2 Qc7 16. Re3 Neg4 17. Rg3 Rfd8 18. Qe2 Bc5 19. Rd1 Rxd4 20. Rxg4 Nxg4 21.
Qxg4 Rxd1+ 22. Nxd1 e5 23. Qf5 Bd4 24. Bd3 Bxb2 0-1

[Event "Open Semana Santa 2023"]
[Site "?"]
[Date "2023.04.06"]
[Round "2.162"]
[White "Aura, Kristian"]
[Black "Prieto Martin, Manuel"]
[Result "1-0"]
[WhiteElo "1877"]
[BlackElo "1478"]
[PlyCount "67"]

1. d4 Nf6 2. Nf3 e6 3. c4 c5 4. d5 exd5 5. cxd5 d6 6. Nc3 Bf5 7. Nd2 Be7 8. e4
Bg4 9. Qc2 O-O 10. Bd3 Nbd7 11. f4 Nh5 12. O-O h6 13. h3 Ng3 14. hxg4 Nxf1 15.
Nxf1 a6 16. a4 Qc7 17. Ne3 Rac8 18. Nc4 Nb6 19. Be3 Nxc4 20. Bxc4 Qd7 21. Qe2
Rfe8 22. Qf3 Qd8 23. Rf1 Rf8 24. e5 Rc7 25. Ne4 Qd7 26. a5 b5 27. axb6 Rb7 28.
exd6 Bxd6 29. Bxc5 Bxc5+ 30. Nxc5 Qd8 31. Nxb7 Qxb6+ 32. Kh1 Qxb7 33. b3 Re8
34. d6 1-0

[Event "Open Semana Santa 2023"]
[Site "?"]
[Date "2023.04.06"]
[Round "2.163"]
[White "Agullo Valcarcel, Carlos"]
[Black "Deusa Ballesteros, Luis Miguel"]
[Result "0-1"]
[WhiteElo "1506"]
[BlackElo "1873"]
[PlyCount "66"]

1. e4 e6 2. c4 d5 3. cxd5 exd5 4. exd5 Nf6 5. Nc3 Nxd5 6. Nxd5 Qxd5 7. Nf3 Nc6
8. h3 Bf5 9. a3 O-O-O 10. Be2 Nd4 11. O-O Nb3 12. Nh4 Nxa1 13. Nxf5 g6 14. Ne3
Qb3 15. Qe1 Nc2 16. Nxc2 Qxc2 17. Bd1 Qc6 18. Bf3 Qd7 19. Qe4 c6 20. Qa4 Kb8
21. d4 Qxd4 22. Qa5 Qb6 23. Qa4 Bg7 24. b4 Qb5 25. Qb3 Rd7 26. Be3 Rhd8 27. Qc2
Qd3 28. Qa4 Bd4 29. Bf4+ Ka8 30. Bc7 Rxc7 31. Rd1 Qb5 32. Qb3 Rcd7 33. a4 Qf5
0-1

[Event "Open Semana Santa 2023"]
[Site "?"]
[Date "2023.04.06"]
[Round "2.164"]
[White "Demerson Joly, Javier"]
[Black "Prochaieva, Yelyzaveta"]
[Result "1-0"]
[WhiteElo "1863"]
[BlackElo "1468"]
[PlyCount "97"]

1. c4 Nf6 2. Nf3 e6 3. e4 d6 4. d4 Nbd7 5. Nc3 e5 6. Be2 Be7 7. O-O O-O 8. h3
b6 9. Be3 Bb7 10. d5 Nc5 11. Qc2 Rc8 12. b4 Ncd7 13. Qb3 Rb8 14. a4 c5 15. b5
a5 16. bxa6 Bxa6 17. Nd2 Ne8 18. Qc2 Bg5 19. Qd3 Be7 20. Nb3 Nc7 21. Qd2 Ra8
22. a5 Rb8 23. axb6 Rxb6 24. Na5 Qe8 25. Na4 Rb8 26. Nc6 Ra8 27. Rfb1 Bc8 28.
Nc3 Na6 29. Nb5 Ndb8 30. Nc7 Nxc7 31. Rxa8 Nxa8 32. Rxb8 Nc7 33. Rxc8 Qd7 34.
Nxe7+ Qxe7 35. Rxf8+ Kxf8 36. Qa5 Qd8 37. Qb6 h6 38. Bd2 Qd7 39. Bg4 Qe7 40.
Ba5 Qg5 41. Qxd6+ Kg8 42. g3 Qc1+ 43. Kg2 Qxc4 44. Bxc7 Qxe4+ 45. Bf3 Qd4 46.
Qxe5 Qd3 47. Qe8+ Kh7 48. Be4+ Qxe4+ 49. Qxe4+ 1-0

[Event "Open Semana Santa 2023"]
[Site "?"]
[Date "2023.04.06"]
[Round "2.165"]
[White "Gomez Pastrana, Alba"]
[Black "Gonzalez Lopez, Lucas I"]
[Result "1/2-1/2"]
[WhiteElo "1504"]
[BlackElo "1862"]
[PlyCount "61"]

1. e4 c5 2. Nf3 e6 3. d4 cxd4 4. Nxd4 Nf6 5. Nc3 a6 6. Be2 Qc7 7. O-O Nc6 8. a3
Be7 9. Kh1 O-O 10. Be3 d6 11. Nb3 b5 12. f4 Bd7 13. Bf3 Rac8 14. Qe1 Kh8 15.
Qf2 Rb8 16. Rfd1 Be8 17. g4 Nd7 18. Nd2 Nb6 19. g5 f6 20. h4 Bf7 21. Kg2 Bg8
22. Rh1 Nd7 23. Ne2 Rbc8 24. c3 Ndb8 25. Ng3 Nd7 26. Rag1 Qd8 27. Nh5 f5 28.
Kf1 Bf7 29. Ng3 Bg8 30. Qg2 Ncb8 31. Ne2 1/2-1/2

[Event "Open Semana Santa 2023"]
[Site "?"]
[Date "2023.04.06"]
[Round "2.166"]
[White "Perez Epinin, Gines"]
[Black "Franch Moreno, Marcelo"]
[Result "1-0"]
[WhiteElo "1861"]
[BlackElo "1461"]
[PlyCount "83"]
[EventDate "2023.??.??"]

1. d4 Nf6 2. c4 g6 3. Nc3 Bg7 4. e4 d6 5. f3 O-O 6. Be3 Nbd7 7. Qd2 c5 8. d5
Re8 9. g4 e6 10. h4 exd5 11. cxd5 h5 12. g5 Nh7 13. O-O-O Ne5 14. Be2 b5 15.
Nxb5 Rb8 16. b3 Ba6 17. a4 Bxb5 18. axb5 a6 19. Rf1 axb5 20. Kd1 c4 21. Bd4
cxb3 22. Ke1 Nc4 23. Bxc4 Bxd4 24. Qxd4 Qa5+ 25. Qd2 Qxd2+ 26. Kxd2 bxc4 27.
Ne2 Rec8 28. Rb1 Nf8 29. Rhc1 Nd7 30. Nd4 Kg7 31. Nc6 Rb7 32. Rxc4 Nc5 33. e5
Ra8 34. exd6 Ra2+ 35. Ke3 b2 36. Rxc5 Ra1 37. Rxb2 Rxb2 38. d7 Ra3+ 39. Kd4
Rd2+ 40. Ke5 Ra8 41. d8=Q Rxd8 42. Nxd8 1-0

[Event "Open Semana Santa 2023"]
[Site "?"]
[Date "2023.04.06"]
[Round "2.168"]
[White "Padilla Lozano, Francisco Manuel"]
[Black "Otazu Casanes, Abel"]
[Result "1-0"]
[WhiteElo "1855"]
[BlackElo "1460"]
[PlyCount "89"]
[EventDate "2023.??.??"]

1. d4 Nf6 2. Bf4 c5 3. c3 e6 4. e3 d5 5. Nf3 c4 6. Be2 Bd6 7. Bg3 Bxg3 8. hxg3
Qb6 9. Qc2 Nc6 10. Nbd2 Bd7 11. Rb1 Qc7 12. e4 dxe4 13. Nxe4 Nxe4 14. Qxe4 f5
15. Qh4 Ne7 16. Ne5 Bb5 17. Bh5+ g6 18. Bxg6+ Nxg6 19. Nxg6 Rg8 20. Qxh7 Qxh7
21. Rxh7 Bc6 22. Ne7 Rf8 23. Nxc6 bxc6 24. Kd2 Kd8 25. Ke3 a5 26. a4 Re8 27.
Kf4 Re7 28. Rh8+ Re8 29. Rxe8+ Kxe8 30. Ke5 Ke7 31. Rh1 Rf8 32. Rh7+ Rf7 33.
Rxf7+ Kxf7 34. Kd6 Kf6 35. Kxc6 e5 36. d5 Ke7 37. Kc7 Ke8 38. d6 Kf7 39. d7 Kg6
40. d8=Q Kh7 41. Qg5 Kh8 42. Kd7 Kh7 43. Ke7 Kh8 44. Kf7 Kh7 45. Qg7# 1-0

[Event "Open Semana Santa 2023"]
[Site "?"]
[Date "2023.04.06"]
[Round "2.169"]
[White "Voronaya, Eva"]
[Black "Perez Garcia, Jimena"]
[Result "0-1"]
[WhiteElo "1480"]
[BlackElo "1852"]
[PlyCount "108"]

1. d4 Nf6 2. Nf3 g6 3. Nc3 d5 4. Bf4 Bg7 5. e3 O-O 6. Nb5 Na6 7. h3 c6 8. Nc3
Nc7 9. Bd3 b6 10. O-O c5 11. a4 Bb7 12. a5 Ne6 13. Be5 Ne4 14. Bxg7 Kxg7 15. a6
Nxc3 16. bxc3 Bc6 17. Ne5 Qc7 18. Qf3 Rad8 19. Nxc6 Qxc6 20. Qg3 Rd7 21. h4 Nc7
22. h5 c4 23. Be2 Nb5 24. Bg4 Rc7 25. hxg6 hxg6 26. Qe5+ f6 27. Qe6 Qxe6 28.
Bxe6 Nxc3 29. Ra3 Nb5 30. Raa1 Rd8 31. Rfb1 Nc3 32. Rb2 Rd6 33. Ra3 Ne2+ 34.
Kf1 Nxd4 35. exd4 Rxe6 36. Re3 Rxe3 37. fxe3 e5 38. Rb5 Rd7 39. c3 Kf7 40. Kf2
Ke6 41. Kf3 Kd6 42. Rb1 Kc6 43. g4 b5 44. g5 exd4 45. exd4 fxg5 46. Kg4 Re7 47.
Kxg5 Kb6 48. Kxg6 Kxa6 49. Kf5 Re3 50. Rc1 b4 51. cxb4 Kb5 52. Kf4 Re4+ 53. Kf3
Rxd4 54. Ke3 Rd3+ 0-1

[Event "Open Semana Santa 2023"]
[Site "?"]
[Date "2023.04.06"]
[Round "2.170"]
[White "Manzanares Lopez, Alejandro"]
[Black "Gil Bayo, Daniel"]
[Result "1-0"]
[WhiteElo "1845"]
[BlackElo "1433"]
[PlyCount "109"]

1. e4 c5 2. Nf3 Nc6 3. d4 cxd4 4. Nxd4 Nf6 5. Nc3 e5 6. Ndb5 d6 7. Nd5 Nxd5 8.
exd5 Nb8 9. a4 a6 10. Na3 Nd7 11. Nc4 Be7 12. Be2 O-O 13. O-O f5 14. f4 e4 15.
Be3 b6 16. Qd2 Rb8 17. b4 Qc7 18. Rab1 Bb7 19. Na3 Bf6 20. c4 Rfc8 21. Rfc1 Qd8
22. Nc2 a5 23. Nd4 Bxd4 24. Bxd4 axb4 25. Qxb4 Nc5 26. Qxb6 Nxa4 27. Qxd8+ Rxd8
28. Ba7 Nc5 29. Bxb8 Rxb8 30. Rb6 Rd8 31. Rcb1 Rd7 32. Kf2 Kf7 33. Ke3 Ke7 34.
Kd4 Rc7 35. Bd1 Bc8 36. Rc6 Rxc6 37. dxc6 Nd3 38. Ke3 Nc5 39. Rb8 Kd8 40. Ra8
Kc7 41. Ra7+ Kxc6 42. Rxg7 Ba6 43. Be2 Ne6 44. Rxh7 Kc5 45. Re7 Nd4 46. Bf1
Nc2+ 47. Kd2 Nd4 48. Kc3 Nc6 49. Rc7 Kb6 50. Rf7 Bc8 51. h4 Kc5 52. h5 Be6 53.
Rf6 Bc8 54. Rxf5+ Kb6 55. g4 1-0

[Event "Open Semana Santa 2023"]
[Site "?"]
[Date "2023.05.06"]
[Round "2.171"]
[White "Vecillas Rey, Daniel"]
[Black "Urios Hernandez, Ramon"]
[Result "1-0"]
[WhiteElo "1465"]
[BlackElo "1844"]
[PlyCount "91"]

1. e4 e5 2. Nf3 Nc6 3. Bb5 a6 4. Ba4 d6 5. d4 b5 6. Bb3 Nxd4 7. Nxd4 exd4 8.
Bd5 Rb8 9. Bc6+ Bd7 10. Bxd7+ Qxd7 11. Qxd4 c5 12. Qe3 Nf6 13. O-O Be7 14. h3
O-O 15. b3 Qe6 16. Nd2 Rfe8 17. Bb2 Bf8 18. Rae1 Rbd8 19. f4 d5 20. f5 Qc6 21.
e5 d4 22. Qe2 Nd5 23. Qe4 Qh6 24. Rf2 Ne3 25. c3 dxc3 26. Bxc3 b4 27. Qxe3 Qc6
28. Bb2 c4 29. Nxc4 Bc5 30. Qe2 Qd5 31. Ne3 Qe4 32. Rf3 Rd3 33. Kh1 Red8 34.
Nc4 Qh4 35. Qe4 Qxe4 36. Rxe4 Rd1+ 37. Kh2 h5 38. Rh4 Rb1 39. e6 fxe6 40. fxe6
Be7 41. Rf7 Bf6 42. Bxf6 gxf6 43. e7 Re8 44. Nd6 Rf1 45. Nxe8 Kxf7 46. Nd6+ 1-0

[Event "Open Semana Santa 2023"]
[Site "?"]
[Date "2023.05.06"]
[Round "2.172"]
[White "Stromhaug, Kristoffer Wang"]
[Black "Soto Fernandez, Diego"]
[Result "1/2-1/2"]
[WhiteElo "1842"]
[BlackElo "1416"]
[PlyCount "74"]

1. e4 e6 2. d4 d5 3. Nc3 dxe4 4. Nxe4 Bd7 5. Bd3 Bc6 6. Nf3 Nd7 7. O-O Be7 8.
Re1 Ngf6 9. Nxf6+ Bxf6 10. c4 Bxf3 11. Qxf3 Bxd4 12. Qxb7 Rb8 13. Qf3 Ne5 14.
Rxe5 Bxe5 15. Rb1 O-O 16. b3 Qd6 17. g3 Rfd8 18. Bc2 g6 19. Bg5 f6 20. Be3 Bd4
21. Bf4 e5 22. Bh6 f5 23. Bg5 Re8 24. b4 e4 25. Qd1 e3 26. fxe3 Bxe3+ 27. Bxe3
Rxe3 28. Qxd6 cxd6 29. b5 Rbe8 30. Kf1 Re2 31. Bb3 Rxh2 32. c5+ Kg7 33. Kg1
Ree2 34. b6 axb6 35. cxb6 Rhg2+ 36. Kf1 Rgf2+ 37. Kg1 Rg2+ 1/2-1/2

[Event "Open Semana Santa 2023"]
[Site "?"]
[Date "2023.04.06"]
[Round "2.173"]
[White "Casao Benedi, Luis"]
[Black "Roig Roig, Marc"]
[Result "0-1"]
[WhiteElo "1440"]
[BlackElo "1840"]
[PlyCount "114"]

1. d4 e6 2. Bf4 b6 3. e3 f5 4. Nd2 Nf6 5. Ngf3 Bb7 6. Bd3 c5 7. c3 cxd4 8. exd4
Be7 9. O-O O-O 10. h3 Ne4 11. Re1 Nxd2 12. Qxd2 Bf6 13. Qe2 Nc6 14. Ba6 Bxa6
15. Qxa6 Kh8 16. Ne5 Nxe5 17. dxe5 g5 18. Bh2 Bg7 19. f4 gxf4 20. Bxf4 Qh4 21.
Qf1 Rg8 22. Qf3 Rac8 23. Bg3 Qg5 24. Bf4 Qg6 25. Rad1 Rc7 26. Re2 Bh6 27. Bxh6
Qxh6 28. Red2 Qg7 29. Re1 Rc5 30. Rde2 Rd5 31. Kh1 Qg5 32. Rf1 Qh4 33. Qf4 Rg4
34. Qf2 Qxf2 35. Rfxf2 Re4 36. Rxe4 fxe4 37. Re2 Rxe5 38. g4 d5 39. Kg2 Kg7 40.
Kg3 Rg5 41. h4 Rg6 42. g5 Kf7 43. Kg4 Ke7 44. h5 Rg8 45. Rf2 Rf8 46. Rxf8 Kxf8
47. Kf4 e5+ 48. Ke3 b5 49. a3 Kf7 50. b3 Ke6 51. c4 bxc4 52. bxc4 dxc4 53. Kxe4
a6 54. a4 a5 55. Ke3 Kf5 56. g6 hxg6 57. h6 Kf6 0-1